| 000 | 00565nam a2200193 a 4500 | ||
|---|---|---|---|
| 003 | PILC | ||
| 005 | 20150112093430.0 | ||
| 008 | 100716s19uu xx 00 eng d | ||
| 020 | _a9812540474 | ||
| 050 |
_aHB 171.5 _b.M278 2004 |
||
| 082 |
_aESF 330 _bM31 2004 |
||
| 100 |
_aMankiw, N. Gregory _910198 |
||
| 245 |
_aPrinciples of Economics / _cN. Gregory Mankiw. |
||
| 250 | _a3rd ed. | ||
| 260 |
_aMason, Ohio : _bSouth-Western: Thomson Learning, Inc, _c2004. |
||
| 300 |
_a848 pages : _billustration ; _c23 cm. |
||
| 650 |
_aEconomics _97586 |
||
| 942 |
_2lcc _cBK |
||
| 999 |
_c14356 _d14356 |
||